Novely zákona o dani z príjmov a zmeny z nich vyplývajúce s účinnosťou od 1. 1. 2024
Témou tohto príspevku je problematika zmien pri zdaňovaní príjmov fyzických, ako aj právnických osôb v súlade s ustanoveniami zákona č. 595/2003 Z. z. o dani z príjmov v znení n. p. (ďalej aj „ZDP“) od 1. januára 2024.
Saved in:
| Main Author: | |
|---|---|
| Format: | Book Chapter |
| Language: | Slovak |
| Subjects: | |
| Tags: |
No Tags, Be the first to tag this record!
|
MARC
| LEADER | 00000naa a2200000 4500 | ||
|---|---|---|---|
| 001 | 0299670 | ||
| 005 | 20240417075307.6 | ||
| 041 | 0 | |a slo | |
| 044 | |a SK | ||
| 245 | 1 | 0 | |a Novely zákona o dani z príjmov a zmeny z nich vyplývajúce s účinnosťou od 1. 1. 2024 |c Valéria Jarinkovičová |
| 520 | |a Témou tohto príspevku je problematika zmien pri zdaňovaní príjmov fyzických, ako aj právnických osôb v súlade s ustanoveniami zákona č. 595/2003 Z. z. o dani z príjmov v znení n. p. (ďalej aj „ZDP“) od 1. januára 2024. | ||
| 610 | 2 | 0 | |a dane |
| 610 | 2 | 0 | |a príjmy |
| 610 | 2 | 0 | |a zdaňovanie |
| 610 | 2 | 0 | |a novelizácia |
| 610 | 2 | 0 | |a zákonodarstvo |
| 100 | 1 | |a Jarinkovičová, Valéria | |